[Event "18th Reykjavik op"]
[Site "Reykjavik ISL"]
[Date "1998.03.11"]
[Round "2.23"]
[White "Wiese, Hans Joachim"]
[Black "Cicak, Slavko"]
[Result "0-1"]
[WhiteElo "2165"]
[BlackElo "2480"]
[EventDate "1998.03.10"]
[PlyCount "106"]

1.e4 c5 2.Nf3 g6 3.Nc3 Bg7 4.g3 Nc6 5.Bg2 Nf6 6.d3 O-O 7.O-O d6 8.Ne1 e5 
9.Bg5 h6 10.Bxf6 Bxf6 11.Nd5 Bg7 12.c3 Be6 13.Qd2 h5 14.Nc2 Bxd5 15.exd5 
Ne7 16.c4 h4 17.Rab1 a5 18.b3 f5 19.a3 f4 20.Qe2 Qd7 21.g4 h3 22.Bf3 b6 
23.Kh1 g5 24.Rg1 Ng6 25.Qe4 Nh4 26.a4 Rae8 27.Ne1 ( 27.Na3 $142 $11 {ii 
b5-i c3} ) 27...Rf6 28.Rd1 Rh6 29.Rb1 Qf7 30.Rd1 Ng6 31.Nc2 Nf8 32.Rde1 
Nd7 33.Na3 Nf6 34.Qe2 $2 ( {Wie der Partieverlauf zeigte, spielte der 
Anziehende wegen der gro@ en Elodifferenz auf Remis. Fuer dieses Ziel sind
besonders geschlossene Stellungen gut geeignet, weil es nicht viele 
Varianten zu berechnen gibt. Statt dessen mu@en man mehr man@n vrieren und
strategische Ueberlegungen anstellen. Jetzt war der Punkt erreicht, an dem
der Anziehende sein Spiel mit einer Remisabwicklung haette kr@te nen 
konnte.} 34.Nb5 $3 Nxe4 35.dxe4 ( 35.Bxe4 f3 $1 ) 35...Qd7 {Eine 
unglaubliches Stellung. Schwarz hat eine ganze Dame fuer nur einen 
Springer, und dennoch ist nicht zu sehen, wie die wei@, e Stellung 
durchbrochen werden k@den nnte. Der Nachziehende hat zwei m@i gliche 
Gegenopfer: a) Gegenopfer mit i b5 - das wuerde nichts am Remisausgang 
aendern. b) Opfer i h4 - i g4 - danach nimmt Wei@ mit i g4 zurueck und die
Stellung ist wiederum ausgeglichen. Der Anziehende mu@ehende nichts weiter
tun, als mit den Tuermen auf der ersten Reihe abzuwarten.} ) 34...e4 $1 {
Dieses Bauernopfer verschafft dem Nachziehenden die einzige praktische 
Chance, in dieser geschlossenen Stellung auf Sieg zu spielen. So wird die 
wichtige Diagonale a1-h8 fuer den schwarzen Laeufer geraeumt, und der 
schwarze Springer findet auf e5 einen starken Vorposten.} 35.dxe4 Nd7 36.
Nb5 Ne5 37.Qd1 Re7 38.Na3 Qg6 39.Nb1 Nd7 40.Qc2 Bd4 $1 41.Qe2 Ne5 $1 {Die 
schwarzen Figuren stehen jetzt sehr viel aktiver als es vor ein paar 
Zuegen der Fall war.} 42.Rgf1 Kg7 43.Rg1 Rh8 44.Qd1 $2 ( 44.Na3 $142 Rhe8 
( 44...Bc3 45.Rd1 Nxf3 46.Qxf3 Qxe4 47.Qxe4 Rxe4 48.Nb5 Be5 49.Rge1 Rxe1+ 
50.Rxe1 $14 ) 45.Nb5 Nxf3 46.Qxf3 Rxe4 47.Rxe4 ( 47.Rd1 Bxf2 $1 48.Qxf2 
Re2 49.Qf3 R8e3 $19 ) 47...Qxe4 48.Qxe4 Rxe4 49.Nxd6 Re2 $15 ) 44...Bxf2 
$19 45.Qe2 Bd4 46.Rgf1 Rhe8 47.Nd2 Bc3 48.Rd1 Bxd2 49.Rxd2 Qh7 50.Rdd1 
Nxf3 51.Rxf3 Rxe4 52.Qf1 Re3 53.Rxe3 Rxe3 0-1

[Event "18th Reykjavik op"]
[Site "Reykjavik ISL"]
[Date "1998.03.11"]
[Round "2.24"]
[White "Asgeirsson, Heimir"]
[Black "Kristjansson, Stefan"]
[Result "1-0"]
[WhiteElo "2140"]
[BlackElo "2255"]
[EventDate "1998.03.10"]
[PlyCount "80"]

1.d4 Nf6 2.c4 c5 3.d5 e6 4.Nc3 exd5 5.cxd5 d6 6.e4 g6 7.f4 Bg7 8.Bb5+ Nfd7
9.a4 Na6 10.Nf3 O-O 11.O-O Nb4 12.Re1 a6 13.Bf1 Re8 14.Qb3 Nf6 15.e5 Ng4 
16.h3 Nh6 17.Ne4 dxe5 18.fxe5 Nf5 19.Bg5 Qb6 20.Bc4 a5 21.Nf6+ Bxf6 22.
Bxf6 h6 23.Rad1 Nd4 24.Nxd4 cxd4 25.Kh2 Qc5 26.d6 Be6 27.Bxe6 Rxe6 28.Rc1 
Qb6 29.Qf3 d3 30.Red1 Nc6 31.Qf4 g5 32.Qf3 Nxe5 33.Bxe5 Rxe5 34.Rxd3 Re6 
35.d7 Rd8 36.Rc8 Rc6 37.Rxd8+ Qxd8 38.Qe4 Kf8 39.Qh7 Ke7 40.Qe4+ $138 Re6 
1-0

[Event "18th Reykjavik op"]
[Site "Reykjavik ISL"]
[Date "1998.03.11"]
[Round "2.25"]
[White "Lehikoinen, Pertti"]
[Black "Leosson, Torfi"]
[Result "1-0"]
[WhiteElo "2250"]
[BlackElo "2160"]
[EventDate "1998.03.10"]
[PlyCount "75"]

1.c4 e5 2.Nc3 Nf6 3.g3 c6 4.Nf3 e4 5.Nd4 d5 6.cxd5 Qb6 7.e3 cxd5 8.d3 Bb4 
9.Bg2 O-O 10.O-O Nbd7 11.dxe4 Bxc3 12.bxc3 dxe4 13.Ba3 Re8 14.Qa4 Ne5 15.
Rab1 Qc7 16.Rfc1 Bd7 17.Qb3 Nc4 18.Rc2 Be6 19.Nxe6 Rxe6 20.Bf1 Rb6 21.Bb4 
Ne5 22.Qa3 Nf3+ 23.Kg2 Qc8 24.Rd1 Ne8 25.Be7 Rh6 26.h4 Nxh4+ 27.Bxh4 Rxh4 
28.Kg1 Rh6 29.Rcd2 Qc6 30.Rd7 Re6 31.Qb3 Rc8 32.Rxb7 Qxc3 33.Qxc3 Rxc3 34.
Rd8 Kf8 35.Rxa7 Re7 36.Raa8 Rc1 37.Kg2 Rc5 38.a4 1-0

[Event "18th Reykjavik op"]
[Site "Reykjavik ISL"]
[Date "1998.03.11"]
[Round "2.26"]
[White "Schubert, Hans Joachim"]
[Black "Gunnarsson, Arinbjorn"]
[Result "0-1"]
[WhiteElo "2070"]
[BlackElo "2240"]
[EventDate "1998.03.10"]
[PlyCount "52"]

1.e4 c5 2.Nf3 d6 3.c3 Nf6 4.Bd3 Nc6 5.Bc2 Bg4 6.O-O d5 7.d3 e6 8.Nbd2 Qc7 
9.a3 Bd6 10.h3 Bh5 11.Re1 O-O-O 12.b4 dxe4 13.dxe4 Be5 14.Re3 Bf4 15.Rd3 
Ne5 16.Rxd8+ Rxd8 17.Qf1 cxb4 18.Nxe5 Bxd2 19.Nc4 bxc3 20.Rb1 Bxc1 21.Rxc1
Kb8 22.e5 Nd5 23.Nd6 f6 24.Rb1 b6 25.Qb5 fxe5 26.Nc4 Be2 0-1

[Event "18th Reykjavik op"]
[Site "Reykjavik ISL"]
[Date "1998.03.11"]
[Round "2.27"]
[White "Bjornsson, Bjorn Freyr"]
[Black "Petermann, Hubert"]
[Result "1-0"]
[WhiteElo "2240"]
[BlackElo "2125"]
[EventDate "1998.03.10"]
[PlyCount "75"]

1.d4 Nf6 2.c4 g6 3.Nc3 Bg7 4.e4 O-O 5.Nf3 d6 6.h3 c5 7.d5 e5 8.g4 Ne8 9.
Bd3 a6 10.a4 b6 11.Be3 Ra7 12.Rg1 Re7 13.Nd2 Kh8 14.Qc2 Bd7 15.a5 bxa5 16.
Ke2 Qc8 17.Rxa5 f5 18.f3 Ref7 19.Raa1 Nf6 20.Raf1 Ng8 21.gxf5 gxf5 22.exf5
Bxf5 23.Bxf5 Qxf5 24.Qxf5 Rxf5 25.Nce4 Rd8 26.Rg2 Ne7 27.Bg5 Rf7 28.Rfg1 
Rd7 29.Bxe7 Rfxe7 30.Nf6 Rb7 31.Nh5 a5 32.b3 Na6 33.Nxg7 Rxg7 34.Rxg7 Rxg7
35.Rxg7 Kxg7 36.Ne4 Kg6 37.Nxd6 Kg5 38.Nb7 1-0

[Event "18th Reykjavik op"]
[Site "Reykjavik ISL"]
[Date "1998.03.11"]
[Round "2.28"]
[White "Finnlaugsson, Gunnar"]
[Black "Olafsson, Thorvardur"]
[Result "0-1"]
[WhiteElo "2215"]
[BlackElo "2015"]
[EventDate "1998.03.10"]
[PlyCount "88"]

1.e4 e5 2.Nf3 Nc6 3.Bb5 a6 4.Ba4 Nf6 5.O-O Be7 6.Bxc6 dxc6 7.d3 Bd6 8.b3 
Bg4 9.h3 Bh5 10.Bb2 Qe7 11.Nbd2 O-O-O 12.Nc4 Nd7 13.Ne3 Qf6 14.g4 Bg6 15.
Ng2 Qe6 16.Qe2 h5 17.Nfh4 hxg4 18.Qxg4 Qe7 19.Nxg6 fxg6 20.Bc1 Rh5 21.h4 
Rdh8 22.Bg5 Qe8 23.Ne1 Be7 24.Nf3 Bxg5 25.hxg5 Kb8 26.Kg2 Nc5 27.Qg3 Ne6 
28.Qxe5 Qf7 29.Rg1 Rh3 30.Ne1 Rh2+ 31.Qxh2 Rxh2+ 32.Kxh2 Qxf2+ {[#] A 
mating attack with queen and knight. White doesn't succeed in coordinating
his scattered forces. [#] Mattangriff mit Springer und Dame. Wei@ gelingt 
nicht das Zusammenspiel seiner versprengten Kraefte.} 33.Rg2 ( 33.Ng2 Nxg5
{[%csl Rc2][%cal Rf2f3]} ) 33...Qf4+ 34.Kg1 Nxg5 35.c4 Nh3+ 36.Kh1 Qh4 37.
Rh2 Qg3 38.Rg2 Nf2+ 39.Kg1 Nh3+ 40.Kh1 Qh4 41.Rh2 Qf6 $1 {[%cal 
Rf6f1,Rf6a1]} 42.Nc2 Qf3+ 43.Rg2 Nf4 44.Ne1 Qf1+ 0-1

[Event "18th Reykjavik op"]
[Site "Reykjavik ISL"]
[Date "1998.03.11"]
[Round "2.29"]
[White "Rasmussen, Rogvi"]
[Black "Palsson, Halldor"]
[Result "1-0"]
[WhiteElo "2115"]
[BlackElo "2145"]
[EventDate "1998.03.10"]
[PlyCount "95"]

1.d4 Nf6 2.Nf3 e6 3.g3 b6 4.Bg2 Bb7 5.O-O Be7 6.c4 d5 7.cxd5 exd5 8.Ne5 
O-O 9.Nc3 Nbd7 10.Qa4 Nb8 11.Bg5 Ne4 12.Bxe7 Qxe7 13.Rac1 f6 14.Nd3 c6 15.
Rfe1 Nd7 $2 {The easiest tactical errors to make are of course those that
look to be natural moves. Now white can exploit the weaknesses along 
black's second rank.} ( 15...Na6 $142 ) 16.Nxd5 $1 {[%cal Gb7e7]} 16...
cxd5 17.Rc7 Ndc5 ( 17...Bc8 18.Qc6 $18 {[%csl Ra8,Rd5,Re4]} ) 18.Rxe7 Nxa4
19.Rxb7 {And white has emerged with an extra pawn and the better position.
} 19...f5 20.Rc1 Rfc8 21.Rcc7 Rxc7 22.Rxc7 b5 23.Nb4 Nxb2 24.Nxd5 Kf8 25.
Nc3 Rd8 26.Nxe4 fxe4 27.e3 a5 28.Bxe4 Rb8 29.Bxh7 b4 30.e4 Rd8 31.e5 Rxd4 
32.e6 Rd1+ 33.Kg2 Re1 34.Rf7+ Ke8 35.Rxg7 Rxe6 36.Ra7 Re5 37.h4 Nd1 38.Bc2
Nc3 39.Bb3 Kd8 40.f4 Rc5 41.g4 Nxa2 42.h5 Nc1 43.h6 Ne2 44.f5 Rc3 45.h7 
Nf4+ 46.Kf1 Rf3+ 47.Ke1 Re3+ 48.Kf2 1-0

[Event "18th Reykjavik op"]
[Site "Reykjavik ISL"]
[Date "1998.03.11"]
[Round "2.30"]
[White "Valgardsson, Gudjon Heidar"]
[Black "Bjornsson, Sigurbjorn"]
[Result "0-1"]
[WhiteElo "2114"]
[BlackElo "2210"]
[EventDate "1998.03.10"]
[PlyCount "52"]

1.e4 d6 2.d4 Nf6 3.Nd2 g6 $5 ( 3...e5 $5 4.c3 Be7 ( 4...g6 5.Ngf3 Qe7 6.
dxe5 dxe5 7.Bc4 Bg7 8.O-O O-O 9.a4 Nh5 10.Re1 Nf4 11.g3 Nh3+ 12.Kg2 Nc6 
13.Nf1 Nd8 14.b3 $14 {Rublevsky,S-Balashov,Y Novgorod op 1995} ) 5.Ngf3 
Nbd7 6.Qc2 O-O 7.Be2 c6 8.O-O Re8 9.a4 a5 10.Re1 Qc7 11.Bc4 exd4 $6 12.
cxd4 d5 13.Ba2 dxe4 $6 ( 13...Nb6 $5 14.e5 Nfd7 ) 14.Nxe4 $14 {(Har Zvi) 
1-0 Kalegin,E-Genba,V/RUS-Cup4 1997 (23)} ) ( 3...Nc6 $5 4.Ngf3 e5 5.c3 
Be7 6.Be2 O-O 7.O-O Re8 8.Re1 Bf8 9.Bb5 Bd7 10.d5 Nb8 11.Bxd7 Nbxd7 12.Nc4
Qc8 $13 {Rublevsky,S-Balashov,Y RUS-ch Elista ,1995} ) 4.g3 $146 ( 4.Ngf3 
$5 Bg7 5.Be2 ( 5.Bd3 O-O 6.O-O Nc6 ( 6...c5 $5 ) 7.c3 Re8 8.Re1 e5 9.h3 ( 
9.dxe5 Nxe5 $1 10.Nxe5 Rxe5 11.Nc4 Re7 $10 ) 9...a6 10.Nf1 b6 ( 10...d5 $5
) 11.Ng3 Bb7 12.d5 $5 Nb8 13.c4 Nbd7 14.Be3 c6 15.dxc6 ( 15.Bc2 $5 $14 ) 
15...Bxc6 $13 {(Stohl) E-E Rublevsky,S-Balashov,Y/Kurgan 1994 (34)} ) 5...
O-O 6.O-O Nc6 $5 ( 6...Nbd7 7.Re1 ( 7.c3 $5 e5 8.Qc2 Qe7 9.Re1 Nh5 10.g3 
Nb6 11.a4 a5 12.b3 Re8 13.dxe5 dxe5 14.Nf1 h6 15.Ne3 Bh3 16.Ba3 Qf6 17.
Rad1 Rad8 18.c4 Rxd1 19.Rxd1 Rd8 20.c5 Rxd1+ 21.Qxd1 Nd7 22.Qd2 Bf8 23.
Qxa5 Qc6 24.Nd5 Bxc5 25.Bb5 Qd6 26.Bxd7 {1-0 Rublevsky,S-Predein,V/Kurgan 
1995} ) 7...e5 8.dxe5 Nxe5 9.Nxe5 dxe5 10.c3 Nd7 11.Qc2 Kh8 12.b3 Re8 13.
Bc4 Qe7 14.Nf3 Nf8 15.Ng5 Ne6 16.Nxe6 Bxe6 17.Bxe6 Qxe6 {E-E 
Gipslis,A-Tseitlin,M/URS-ch38 Riga 1970} ) 7.c3 e5 8.Re1 Re8 9.d5 Nb8 10.
Bf1 c6 11.dxc6 Nxc6 12.Bc4 h6 13.h3 Qe7 14.Nf1 Be6 15.Bxe6 fxe6 16.Ng3 
Rad8 17.Qc2 Kh7 18.Be3 d5 19.Rad1 Ng8 20.exd5 exd5 21.Qa4 {E-E 
Geller,E-Parma,B/Siegen olm 1970} ) 4...Bg7 5.f4 $6 {d4,e4} ( 5.Bg2 $5 {ii
gf3,0-0} ) 5...O-O 6.Ngf3 c5 {[%cal Gc5d4]} 7.d5 $2 ( 7.dxc5 dxc5 8.Bg2 
Qc7 9.O-O Rd8 $11 ) 7...e6 $1 $15 {[%cal Ge6d5]} 8.c4 $2 ( 8.dxe6 $5 Bxe6 
( 8...fxe6 $5 ) 9.Bg2 Nc6 $15 ) 8...exd5 9.cxd5 ( 9.exd5 Re8+ 10.Be2 Bh3 
$17 {[%cal Gh3f1]} ) 9...Re8 $17 {[%csl Rd5,Re4][%cal Ge8e4,Gf6d5,Gf6e4]} 
10.Bb5 Bd7 11.Bxd7 ( 11.Bd3 Nxd5 ) 11...Nbxd7 12.Qe2 Nxd5 13.Qd3 ( 13.O-O 
$5 Nb4 14.a3 Nc2 15.Rb1 Nd4 $17 ) 13...Nb4 14.Qb3 Nf6 $1 {[%csl Re4]} 15.
a3 Nxe4 $1 $19 16.O-O ( 16.axb4 c4 $1 $19 ( 16...Nxg3+ $5 17.Kf2 Nxh1+ 18.
Kg2 $19 ) ) 16...Nxd2 17.Bxd2 Qb6 {[%cal Gc5c4,Yb6g1]} 18.Qa4 Nd3 19.Rab1 
c4+ 20.Kh1 d5 {[%csl Yc4,Yd5]} 21.Bc3 Re2 {[%cal Re2h2,Re2b2]} 22.Bxg7 
Kxg7 23.Ng5 Nf2+ 24.Kg2 Ne4+ 25.Kh1 Nxg5 26.fxg5 Qe3 {[%csl Rh1][%cal 
Ge3d2,Ge3e4]} 0-1

[Event "18th Reykjavik op"]
[Site "Reykjavik ISL"]
[Date "1998.03.11"]
[Round "2.32"]
[White "Halldorsson, Jon Arni"]
[Black "Baldursson, Hrannar"]
[Result "1-0"]
[WhiteElo "2185"]
[BlackElo "2180"]
[EventDate "1998.03.10"]
[PlyCount "73"]

1.d4 Nf6 2.Nf3 c5 3.d5 d6 4.Nc3 g6 5.e4 Bg7 6.Be2 O-O 7.O-O a6 8.a4 Nbd7 
9.Re1 Qa5 10.Nd2 b5 11.Nb3 Qb4 12.axb5 Nxe4 13.Nxe4 Qxe4 14.Bf1 Qh4 15.
bxa6 Ne5 16.g3 Qf6 17.Bf4 Qf5 18.Nd2 g5 19.Bxe5 Bxe5 20.c3 Bf6 21.Qf3 Qxf3
22.Nxf3 Rd8 23.Bb5 Bd7 24.c4 Bxb2 25.Ra2 Bf6 26.a7 g4 27.Nd2 Bxb5 28.cxb5 
Rd7 29.b6 Bc3 30.Re4 h5 31.Nc4 Rb7 32.h3 gxh3 33.Ra3 Bb4 34.Rae3 e6 35.
dxe6 d5 36.exf7+ Kxf7 37.Nd6+ 1-0

[Event "18th Reykjavik op"]
[Site "Reykjavik ISL"]
[Date "1998.03.11"]
[Round "2.33"]
[White "Steindorsson, Sigurdur Pall"]
[Black "Briem, Stefan"]
[Result "1-0"]
[WhiteElo "2027"]
[BlackElo "2185"]
[EventDate "1998.03.10"]
[PlyCount "105"]

1.c4 e5 2.Nc3 d6 3.g3 f5 4.d3 Nf6 5.Bg2 c6 6.e4 Be7 7.Nge2 O-O 8.O-O fxe4 
9.dxe4 Be6 10.b3 a5 11.h3 Na6 12.Be3 Nd7 13.Kh2 Ndc5 14.Rc1 g5 15.f4 gxf4 
16.gxf4 Kh8 17.Ng3 Nb4 18.fxe5 dxe5 19.Qh5 Nd7 20.Rcd1 Qe8 21.Rxf8+ Bxf8 
22.Bg5 Qxh5 23.Nxh5 Nc2 24.Na4 Nd4 25.Be3 c5 26.Bg5 Rc8 27.Nf6 Bg7 28.Nxd7
Bxd7 29.Nb6 Rf8 30.Nxd7 Rf2 31.Kg1 Rxa2 32.Nxc5 h6 33.Be3 Ne2+ 34.Kh2 b6 
35.Ne6 Bf6 36.Bxb6 Kg8 37.Rd7 Bg5 38.Rg7+ Kh8 39.Rg6 Nf4 40.Nxf4 Bxf4+ 41.
Kg1 Rb2 42.Bxa5 Kh7 43.Rf6 Rb1+ 44.Bf1 Be3+ 45.Kg2 Rxb3 46.Bc7 Rb2+ 47.Kg3
Bd4 48.Rf5 Rb1 49.Bg2 Rc1 50.Bxe5 Bxe5+ 51.Rxe5 Rxc4 52.Kf4 Kg7 53.Bf3 1-0

[Event "18th Reykjavik op"]
[Site "Reykjavik ISL"]
[Date "1998.03.12"]
[Round "3.1"]
[White "Olafsson, Helgi"]
[Black "De Firmian, Nick"]
[Result "1/2-1/2"]
[WhiteElo "2505"]
[BlackElo "2590"]
[EventDate "1998.03.10"]
[PlyCount "32"]

1.Nf3 c5 2.c4 Nc6 3.Nc3 e5 4.g3 g6 5.a3 Bg7 6.Rb1 a5 7.Bg2 Nge7 8.O-O d6 
9.d3 O-O 10.Bd2 Rb8 11.Ne1 Be6 12.Nc2 d5 13.cxd5 Nxd5 14.Nxd5 Bxd5 15.Bxd5
Qxd5 16.b4 axb4 1/2-1/2

[Event "18th Reykjavik op"]
[Site "Reykjavik ISL"]
[Date "1998.03.12"]
[Round "3.2"]
[White "Hector, Jonny"]
[Black "Christiansen, Larry"]
[Result "0-1"]
[WhiteElo "2505"]
[BlackElo "2575"]
[EventDate "1998.03.10"]
[PlyCount "150"]

1.e4 e5 2.Nc3 Nf6 3.Nf3 Nc6 4.g3 Bc5 5.Bg2 d6 6.d3 Be6 7.Na4 h6 8.c3 Qd7 
9.O-O Bh3 10.d4 Bxg2 11.Kxg2 Bb6 12.Re1 O-O 13.b4 Rfe8 14.d5 Ne7 15.c4 a5 
16.a3 axb4 17.axb4 Bd4 18.Nxd4 exd4 19.b5 Ng6 20.f3 Ne5 21.Qxd4 Nxf3 22.
Kxf3 Qh3 23.Bb2 Re7 24.Nc3 Rae8 25.Qg1 Ng4 26.Ke2 Nxh2 27.Kd3 f5 28.Qf2 
Ng4 29.Qg1 f4 30.Kc2 fxg3 31.Qh1 Nh2 32.Re3 Rf8 33.Rg1 Rf1 34.Rxf1 Qxf1 
35.Qxf1 Nxf1 36.Rf3 g2 37.Ne2 Rxe4 38.Ng1 Rxc4+ 39.Kd3 Rc5 40.Rf2 Rxd5+ 
41.Bd4 c5 42.bxc6 bxc6 43.Rxg2 c5 44.Rxg7+ Kf8 45.Ne2 Rxd4+ 46.Nxd4 Kxg7 
47.Nf5+ Kf6 48.Nxd6 Ke6 49.Ne4 Kd5 50.Nf6+ Kc6 51.Ne4 Kb5 52.Ke2 Nh2 53.
Ke3 c4 54.Kf4 Kc6 55.Kg3 Kd5 56.Nc3+ Kd4 57.Nb5+ Kc5 58.Nc3 Nf1+ 59.Kh4 
Kd4 60.Nb5+ Kd3 61.Kh5 Ne3 62.Kxh6 Nf5+ 63.Kg5 Nd6 64.Nc7 Ke4 65.Na6 c3 
66.Nb4 Nb5 67.Kg4 Na3 68.Kg3 Kd4 69.Kf2 Kc4 70.Na2 c2 71.Ke3 Kb3 72.Nc1+ 
Kb2 73.Nd3+ Kc3 74.Nc1 Nc4+ 75.Ke2 Kb2 0-1

[Event "18th Reykjavik op"]
[Site "Reykjavik ISL"]
[Date "1998.03.12"]
[Round "3.3"]
[White "Djurhuus, Rune"]
[Black "Westerinen, Heikki"]
[Result "1/2-1/2"]
[WhiteElo "2510"]
[BlackElo "2410"]
[EventDate "1998.03.10"]
[PlyCount "129"]

1.e4 Nf6 2.e5 Nd5 3.d4 Nb6 4.c4 d6 5.exd6 exd6 6.Nc3 g6 ( 6...Be6 7.Bd3 d5
8.c5 Nc8 9.Bf4 c6 10.Nf3 $14 {Kotter,R-Hoenig,A/NRW-I/1990/} ) ( 6...Nc6 
7.Be3 Be7 8.Qf3 O-O 9.O-O-O Be6 10.b3 a5 11.a4 d5 12.c5 Nc8 13.Nge2 Bg5 
14.Kb2 Nb4 15.h4 Bxe3 16.fxe3 Qd7 $13 {Chernyshov,K-Zelcic,R/Djakovo op 
(09)/1994/} ) ( 6...Bf5 7.Qf3 Qc8 8.Bd3 Bxd3 9.Qxd3 Qe6+ 10.Nge2 Nxc4 11.
O-O Nb6 12.Nf4 Qd7 13.Re1+ Be7 14.Nfd5 Nc6 15.Bg5 f6 16.Bxf6 Nc8 17.Bxg7 {
Guimaraes,J-Reis,L/POR-sf (07)/1993/} ) 7.Bd3 ( 7.Nf3 Bg4 8.h3 Bxf3 ( 8...
Qe7+ 9.Be3 Bxf3 10.Qxf3 Nc6 11.Be2 Bg7 12.Rd1 $14 {
Kienast,J-Lippert/FRG-chTJ/1989/} ) ( 8...Bf5 9.Bd3 Bxd3 10.Qxd3 Bg7 11.
Bg5 {Grau Carrera,M-Chalabashvili,T/EU-chJW U10 Herculane (09) /1994/} ) 
9.Qxf3 Bg7 ( 9...Nc6 $14 ) 10.c5 dxc5 11.dxc5 N6d7 ( 11...Qe7+ 12.Be3 
Bxc3+ 13.bxc3 Qe5 14.Bb5+ c6 15.O-O O-O 16.cxb6 Qxb5 17.Rfb1 $18 ) 12.Qxb7
Bxc3+ 13.bxc3 Qf6 14.Qe4+ $16 {Kaminski,M-Oliwa,M/POL-ch 1996 (21)} ) ( 7.
Be3 $5 Bg7 8.Rc1 Nc6 9.b3 O-O 10.Be2 Re8 11.Nf3 Bg4 12.O-O $14 {Koba 
Igor-Vlasikhin M/Ch Russia /2 final), Yaroslavl (Russia) 1995 (29)} ) 7...
Bg7 8.Nge2 O-O 9.Be3 Nc6 10.b3 Ne7 11.h4 $5 ( 11.Ng3 $6 c5 12.Nge2 d5 13.
dxc5 dxc4 14.bxc4 Nd7 15.O-O Ne5 $13 {Dworakowski,L-Oliwa,M/POL-chJ U20 
1994 (39)} ) 11...Nf5 12.Bxf5 ( 12.Bg5 Qe8 13.Bxf5 Bxf5 14.Qd2 c5 15.O-O-O
Rc8 {[%cal Gd6d5]} 16.d5 $14 {[%csl Rb6][%cal Gf2f3,Gg2g4]} ) 12...Bxf5 
13.h5 Qe7 ( 13...Re8 $5 {[%csl Gg7]} 14.hxg6 fxg6 15.Qd2 d5 16.c5 Nd7 17.
Bg5 Nf6 18.f3 $14 ) 14.Qd2 c6 15.O-O-O d5 16.c5 Nd7 17.Ng3 Be6 18.Bg5 $1 
Bf6 ( 18...f6 19.Bf4 Rfe8 20.hxg6 hxg6 21.Bd6 Qf7 22.Rh2 $40 {[%cal Gd1h1]
} ) 19.Bf4 $1 Nxc5 $5 ( 19...Rfe8 20.Bd6 Qd8 21.hxg6 fxg6 22.Kb1 {[%cal 
Rd2h6]} 22...Bg7 $14 ) 20.dxc5 Qxc5 21.Kb2 Qb4 ( 21...Bxc3+ $6 22.Qxc3 
Qxf2+ 23.Bd2 $40 {[%csl Rf6,Rg7,Rh6]} 23...Qxg2 $2 24.Qf6 $18 {[%cal 
Gh5h6]} ) 22.Bg5 Bh8 23.Rh4 $1 $16 Qa5 24.b4 Qb6 ( 24...Qa4 $5 25.hxg6 ( 
25.Rdh1 a5 26.hxg6 fxg6 27.Rxh7 Qxb4+ 28.Kc2 Bxc3 29.Qxc3 Rxf2+ 30.Bd2 
Qxc3+ 31.Kxc3 Raf8 32.Rh8+ Kf7 33.R1h7+ Ke8 34.Rxf8+ Kxf8 35.Rxb7 Rxg2 36.
Nf1 c5 $11 ) 25...fxg6 26.Re1 Rae8 ( 26...a5 27.Rxe6 axb4 {[%tqu 
"En","","","","e6g6","",5]} 28.Rxg6+ $1 Kf7 29.Rxh7+ Kxg6 30.Qd3+ Kxg5 31.
Rh5+ Kf6 32.Qf5+ Ke7 33.Rh7+ Kd6 34.Ne4+ dxe4 35.Rd7# ) 27.f3 a5 28.a3 $14
) 25.Be3 d4 $6 ( 25...Qd8 $5 26.Rhh1 $1 ( 26.Rdh1 Bf6 27.Rf4 a5 ( 27...g5 
28.Rxf6 Qxf6 29.Bxg5 $16 ) 28.Rxf6 $1 ( 28.Bd4 Bg5 29.hxg6 fxg6 30.Rxf8+ 
Qxf8 $1 31.Qxg5 Qxb4+ $132 ) 28...Qxf6 29.Bd4 Qe7 $8 ( 29...Qd8 30.Qh6 f6 
31.hxg6 $18 ) 30.Bc5 Qf6 31.Bxf8 Kxf8 32.hxg6 hxg6 33.bxa5 Rxa5 34.Qh6+ 
Ke7 35.Qh4 {[%cal Gh4b4]} 35...d4 36.Qxf6+ Kxf6 37.Nce4+ Ke5 38.a3 $14 ) 
26...a5 27.Bd4 axb4 ( 27...Bxd4 28.Qxd4 axb4 29.Qxb4 g5 30.Rhe1 $16 ) 28.
Bxh8 Qa5 $1 29.Kb1 Kxh8 30.hxg6 fxg6 $8 ( 30...bxc3 31.Rxh7+ Kg8 32.Rh8+ 
Kxh8 33.Qh6+ Kg8 34.Qh7# ) 31.Qd4+ Kg8 {[%tqu "En","","","","h1h7","",10]}
32.Rxh7 $1 Kxh7 33.Rh1+ Kg8 34.Rh8+ Kf7 35.Rh7+ Ke8 36.Qe5 Kd8 37.Qxe6 $18
) 26.Bxd4 Qxb4+ 27.Kc2 Rfd8 28.hxg6 fxg6 29.Qh6 ( 29.Qe3 $5 Qe7 $8 30.Re4 
Bxd4 31.Rdxd4 Rxd4 32.Qxd4 $16 ) 29...Qe7 30.Bxh8 Rxd1 ( 30...Kxh8 31.Rdh1
Rd7 32.Qxg6 $18 ) 31.Bf6 $1 Qxf6 32.Qxh7+ Kf8 33.Qh8+ ( 33.Nge4 $1 Bf5 ( 
33...Rad8 $5 34.Nxd1 ( 34.Nxf6 R8d2# ) 34...Bf5 35.Qh8+ Qxh8 36.Rxh8+ Ke7 
37.Rxd8 Bxe4+ 38.Rd3 $18 ) 34.Kxd1 Qd4+ 35.Kc1 $18 ) 33...Qxh8 34.Rxh8+ 
Bg8 35.Kxd1 b5 36.a3 a5 37.Rh4 Rb8 38.Kc2 b4 39.axb4 axb4 40.Na4 $18 {
[%csl Rc6]} 40...Kg7 41.Rd4 ( 41.Ne4 {[%cal Ge4c5]} 41...b3+ 42.Kb2 Rb4 
43.Nac5 Bd5 44.f3 $18 {[%cal Gh4h1,Gh1c1,Gc1c3]} ) 41...Bd5 42.Ne4 g5 43.
f3 Kg6 44.Nec5 $2 {[%csl Ra4]} ( 44.Nac5 $18 ) 44...Kf5 45.Rg4 Rh8 46.Ne4 
$6 ( 46.Nb6 Rh4 47.Nxd5 cxd5 48.Rxh4 gxh4 49.Nd3 $18 {[%csl Ge4,Gf4,Gg4]} 
) 46...Bxe4+ 47.Rxe4 Rh2 48.Rg4 {[%tqu "En","","","","h2h4","trtr",10]} 
48...Rh4 $1 49.Rxh4 gxh4 50.Nc5 ( 50.Kd3 Kf4 51.Ke2 Kg3 52.Kf1 h3 53.gxh3 
Kxf3 $11 ) 50...Kf4 51.Nd3+ Ke3 $1 $11 ( 51...Kg3 $2 52.Ne1 Kf2 53.f4 $18 
) 52.Nxb4 ( 52.f4 Ke4 {[%csl Rf4][%cal Gc6c5,Gc5c4]} 53.Kd2 c5 54.Ke2 b3 
55.Nxc5+ Kxf4 56.Kf2 b2 57.Nd3+ Kg4 58.Nxb2 h3 59.g3 h2 $11 ) 52...Kf2 53.
f4 $8 Kxg2 54.f5 h3 55.f6 h2 56.f7 h1=Q 57.f8=Q Qf1 58.Qg7+ Kh1 59.Qh6+ 
Kg1 60.Nd3 Qe2+ 61.Kc3 Qf3 62.Qg5+ Kf1 63.Kd4 Qd5+ 64.Qxd5 cxd5 65.Kxd5 
1/2-1/2

[Event "18th Reykjavik op"]
[Site "Reykjavik ISL"]
[Date "1998.03.12"]
[Round "3.4"]
[White "Sokolov, Ivan"]
[Black "Thorhallsson, Throestur"]
[Result "0-1"]
[WhiteElo "2625"]
[BlackElo "2480"]
[EventDate "1998.03.10"]
[PlyCount "110"]

1.c4 e6 2.d4 d5 3.Nf3 Nf6 4.Nc3 c6 5.Bg5 h6 6.Bh4 dxc4 7.e4 g5 8.Bg3 b5 9.
h4 $5 {Ivan Sokolovs Idee aus seiner Partie gegen I.Nowikow (Antwerpen 
1997)} 9...g4 10.Ne5 Bb4 $5 $146 ( 10...h5 {[%csl Rg5,Rh5][%cal Yf2f3] 
geschah in der Stammpartie.} 11.Be2 Bb7 ( 11...b4 $5 {(W.Epischin) wirft 
einen gro@ en Schatten auf das wei@ten e Komzept.} 12.Na4 Nxe4 13.O-O Bg7 
14.Bf4 ( 14.Bxc4 Nxg3 15.fxg3 Bxe5 16.dxe5 Qxd1 17.Raxd1 Nd7 $17 ) 14...
Qxh4 15.Qc2 ( 15.g3 Qd8 16.Qc2 Ng5 $17 ) 15...g3 16.fxg3 Nxg3 17.Bxg3 Qxg3
18.Rf3 ( 18.Qe4 f5 19.Qf4 h4 $15 ) 18...Qh4 19.Rd1 Bxe5 20.dxe5 Nd7 $17 {
(W.Epischin)} ) 12.O-O Nbd7 13.Qc2 Bg7 14.Rad1 {Sokolov se contente pour 
l'instant de centraliser ses forces. Il faut dire que les Noirs sont 
devant une tache difficile. Leur position est resseree et on ne voit 
guAere de refuge convaincant pour abriter le Roi.} 14...Qb6 $5 15.Na4 $1 {
Une conception splendide!} 15...Qa5 $2 16.Nc5 $16 {1-0 
Sokolov,I-Novikov,I/Lost Boys 5th 1997/CBM 61/[Lutz] (33) EmpAeche ...c5 
et enferme le ib7 pour de bon.} ) 11.f3 Nh5 12.Bf2 Qa5 13.Qd2 g3 14.Be3 f6
15.Ng4 $2 {Dieses Versehen fuehrt zu eier grausamen Stellung fuer Wei@ung 
.} ( 15.Ng6 Rg8 16.Nf4 $13 ) 15...f5 16.Ne5 ( 16.Nxh6 f4 ) ( 16.Be2 $5 {
ist ein Versuch, eine Figur zu opfern.} 16...f4 ( 16...fxg4 17.fxg4 $44 ) 
17.O-O $5 Rf8 $1 $19 {nebst ...fxe3 und ...i f4.} ( 17...fxe3 18.Qxe3 {i 
f4} ) ) 16...f4 17.Bg1 ( 17.Bxf4 Nxf4 18.Qxf4 Bxc3+ 19.bxc3 Qxc3+ 20.Ke2 
Qb2+ $19 ) 17...Bb7 18.Rc1 Rg8 $19 {[%csl Rf1,Rg1,Rh1] Offensichtlich ist 
die wei@sichtlich e Idee gescheitert.} 19.a3 Bd6 20.Ng4 Nd7 21.Qc2 O-O-O 
22.Nxh6 {Wei@eitert. schafft es in der Folge noch, Verwicklungen zu 
schaffen.} 22...Rg7 23.Be2 c5 24.d5 exd5 25.Nf5 Rg6 26.e5 Nxe5 27.Nxd6+ 
Rdxd6 28.Bxc5 Rde6 29.Kf1 d4 30.Bxd4 Nxf3 31.Bxf3 Bxf3 32.Qf5 a6 33.a4 Qd8
34.Qc5+ Rc6 35.Qf5+ Rce6 36.Qc5+ Rc6 37.Qf5+ Rge6 38.gxf3 Qxd4 39.Rc2 b4 
40.Nd5 b3 41.Ne7+ Kb7 42.Nxc6 g2+ 43.Kxg2 Qg7+ 44.Qg5 Rg6 45.Nd8+ Ka8 46.
Ne6 Qg8 47.Re2 Rxg5+ 48.hxg5 Ng3 49.g6 Nxe2 50.g7 Qxe6 51.Rh6 Qf7 52.Rh8+ 
Kb7 53.g8=Q Qxg8+ 54.Rxg8 c3 55.Rg7+ Kc6 0-1